Jatapu Kotapadu colony : Evaluation study of an agricultural colony for shifting (Record no. 16137)
[ view plain ]
| 000 -LEADER | |
|---|---|
| fixed length control field | 00325nam a2200121Ia 4500 |
| 082 ## - DEWEY DECIMAL CLASSIFICATION NUMBER | |
| Classification number | RR.003; |
| 100 ## - MAIN ENTRY--AUTHOR NAME | |
| Personal name | Raghava Rao, D.V. |
| 245 #0 - TITLE STATEMENT | |
| Title | Jatapu Kotapadu colony : Evaluation study of an agricultural colony for shifting |
| 260 ## - PUBLICATION, DISTRIBUTION, ETC. (IMPRINT) | |
| Year of publication | 1975 |
| 300 ## - PHYSICAL DESCRIPTION | |
| Number of Pages | 144p. |
| 942 ## - ADDED ENTRY ELEMENTS (KOHA) | |
| Koha item type | Books |
| Withdrawn status | Lost status | Damaged status | Not for loan | Home library | Current library | Date acquired | Full call number | Accession Number | Price effective from | Koha item type |
|---|---|---|---|---|---|---|---|---|---|---|
| NASSDOC Library | NASSDOC Library | 08/10/2004 | RR.003; | 8226 | 18/04/2019 | Books |
